000 00267pam a2200121 a 4500
020 _c
041 _aeng
100 _aNichors William.
245 _aWardTo Live By
_hTextual Documents
260 _aMumbai
_bJAICO PUBLICATION
_c1960
300 _a199p.
930 _a15557
999 _c92457
_d92457